|
|
|
|
| LEADER |
00000nam0a2200000 4500 |
| 001 |
31783 |
| 005 |
20231101210046.0 |
| 010 |
|
|
|a 5020007684
|
| 035 |
|
|
|a (RuTPU)RU\TPU\book\32076
|
| 035 |
|
|
|a BOOK00000155
|
| 090 |
|
|
|a 31783
|
| 100 |
|
|
|a 20011210d1992 k y0rusy50 ca
|
| 101 |
0 |
|
|a rus
|
| 102 |
|
|
|a RU
|
| 105 |
|
|
|a a 000|y
|
| 200 |
1 |
|
|a Физическая кристаллография
|e Сборник научных трудов
|f РАН, Ин-т кристаллографии им. А. В. Шубникова
|
| 210 |
|
|
|a Москва
|c Наука
|d 1992
|
| 215 |
|
|
|a 365 с.
|c ил.
|
| 320 |
|
|
|a Библиогр. в конце ст.
|
| 606 |
1 |
|
|a Кристаллофизика
|2 stltpush
|3 (RuTPU)RU\TPU\subj\80213
|9 87985
|
| 610 |
1 |
|
|a химия
|
| 610 |
1 |
|
|a кристаллография
|
| 610 |
1 |
|
|a кристаллы
|
| 610 |
1 |
|
|a физика
|
| 610 |
1 |
|
|a свойства
|
| 675 |
|
|
|a 548.0:53
|v 3
|
| 712 |
0 |
2 |
|a Российская академия наук (РАН)
|b Институт кристаллографии им. А. В. Шубникова (ИК)
|c (Москва)
|2 stltpush
|3 (RuTPU)RU\TPU\col\301
|
| 801 |
|
0 |
|a RU
|b 63413507
|c 20011210
|g PSBO
|
| 801 |
|
2 |
|a RU
|b 63413507
|c 20200609
|g PSBO
|
| 942 |
|
|
|c BK
|